1702 1234 1728 1669 1855 1557 1508 1663 1684 1925 1490 1517 1338 1213 1986 1689 1180 1359 1999 1188 1950 1691 1619 1651 1247 1729 1692 1719 1821 1280 1386 1492 1893 1475 1880 1744 1409 1285 1788 1329 1512 1773 1304 1233 1423 1931 1483 1376 1274 1266 1514 1983 1445 1951 1204 1269 1338 1921 1534 1768 1668 1767 1121 1527 1993 1549 1804 1430 1799 1482 1661 1720 1794 1642 1794 1284 1108 1613 1192 1625 1933 1692 1705 1987 1503 1506 1219 1163 1866 1339 1215 1121 1674 1553 1873 1051 1352 1543 1865 BCNSPRNW ULIB Ver.6.0+V

เปลี่ยนเป็นภาษาไทย

Change to English
 แสดงรายละเอียดบรรณานุกรม
  กลับหน้าหลัก

Brief Record : Get Marc (ISO 2709) : E-mail record : QR code < ปิดหน้าต่าง
LEADER : 00000nam 2200000uu 4500
001    13399113628
003     ULIB
008    111201s2550||||th 000 0 tha d
020    ^a9749984633
090    ^aนว.^bจ686ห 2550
100 0  ^aเจ้าหญิงผู้เลอโฉม
245 00 ^aหนุ่มแว่นหน้าใสเกี่ยวหัวใจยัยตัวแสบ 2 /^cเจ้าหญิงผู้เลอโฉม
250    ^aพิมพ์ครั้งที่ 1
260    ^aกรุงเทพฯ :^bแจ่มใส,^c2550
300    ^a176 หน้า
710 1  ^aแจ่มใส
945    ^p139^l0^i14047
995    ^aกัณชพร
999    ^aใช้งานได้ทุกระบบ
รายการนี้ยังไม่มีแท็ก
คุณยังไม่ได้ล็อกอิน คุณสามารถมีกิจกรรมร่วมกับเว็บไซต์ได้ แต่ต้องล็อกอินก่อน ::
  ล็อกอิน

รายการสื่อสารสนเทศ

ลำดับที่ ประเภท เลขเรียก/บาร์โค้ด สถานที่ สถานะ
1. นวนิยาย
นวนิยาย
นว. จ686ห 2550 ฉ.1 
  Barcode: 14047
ห้องสมุดวิทยาเขตสวรรค์ประชารักษ์
►นวนิยาย
บนชั้น
  ขอยืม

รายการใกล้เคียง
    ผู้แต่ง [เจ้าหญิงผู้เลอโฉม]

BibComment


ยังไม่เคยถูกคอมเมนท์

คอมเมนท์ทรัพยากรรายการนี้
  คอมเมนท์: หนุ่มแว่นหน้าใสเ..


 Copyright 2026. Bcnsprnw @Library